00882nai a2200193Ia 4500003000900000008004100009022002300050040001600073245006900089260008600158310001400244362002500258521006900283650005700352856009300409942000700502999001700509952016200526IN-BaIIA211028c9999 xx s 000 0 eng d a2641-8770 (Online) cIIA Library 0aIEEE Journal on Selected Areas in Information Theoryh[eJournal] aNew York, USAbThe Institute of Electrical and Electronics Engineers, Inc. (IEEE) aQuarterly a1(1); 2020 - Present bSubscribed through National Knowledge Resource Consortium (NKRC) aCommunication, Networking and Broadcast Technologies uhttps://ieeexplore.ieee.org/servlet/opac?punumber=8700143yClick Here to Access eJournal cEJ c34537d34537 00104070aBANbBANd2009-01-01eNKRCh1(1); 2020 - Presentl0pEJ621r2021-11-05uhttps://ieeexplore.ieee.org/servlet/opac?punumber=8700143w2021-11-05yEJ